| 000 | 00517nam a22001817a 4500 | ||
|---|---|---|---|
| 008 | 230630b |||||||| |||| 00| 0 eng d | ||
| 020 | _a978-818031-257-1 | ||
| 040 |
_aNational Science Library _cNational Science Library |
||
| 080 |
_a82-31NAG _bQ6 |
||
| 100 | _aNagar, Amrit Lal | ||
| 245 | _aये कोठेवालियां | ||
| 246 | _aYe Kothevaliyan | ||
| 260 |
_aAllahabad: _bLokbharti Prakashan, _c2016 |
||
| 300 | _a198p. | ||
| 650 | _aStory | ||
| 653 | _aLiterature | ||
| 942 |
_2udc _cHBK |
||
| 999 |
_c48557 _d48557 |
||